000 00299nam a22001337a 4500
020 _a9789698535100
082 _a827
100 _aBazmi, Aslam
245 _aHumorously Yours
260 _aIslamabad :
_bNUST Publishing,
_c2012.
300 _a134 p. ;
_b22 cm.
500 _aPaperback.
942 _cBK
999 _c34184
_d34184